A first course on reproduction theory and linear lie graph/ (Record no. 659)
[ view plain ]
| 000 -LEADER | |
|---|---|
| Fixed length control field | 00464nam a2200169 4500 |
| 003 - CONTROL NUMBER IDENTIFIER | |
| Control field | SEACOMEC |
| 005 - DATE AND TIME OF LATEST TRANSACTION | |
| Control field | 20240904142533.0 |
| 008 - FIXED-LENGTH DATA ELEMENTS--GENERAL INFORMATION | |
| Fixed length control field | 240219b |||||||| |||| 00| 0 eng d |
| 020 ## - INTERNATIONAL STANDARD BOOK NUMBER / ISBN | |
| Price | Rs.190.00 |
| 040 ## - CATALOGING SOURCE | |
| Original cataloging agency | SEACOMEC |
| 082 ## - DEWEY DECIMAL CLASSIFICATION NUMBER | |
| Classification number | 515.7223 |
| Book Number | F527 |
| 100 ## - MAIN ENTRY--PERSONAL NAME | |
| Personal name | Bagchi,S.C. |
| 245 1# - TITLE STATEMENT | |
| Title | A first course on reproduction theory and linear lie graph/ |
| Statement of responsibility | S.C. Bagchi |
| 260 ## - IMPRINT | |
| Place of publication | Hyderabad |
| Name of publisher | Universities press |
| Date of publication | 2000 |
| 650 ## - SUBJECT ADDED ENTRY--TOPICAL TERM | |
| Topical term | mathematics,Analysis |
| 942 ## - ADDED ENTRY ELEMENTS (KOHA) | |
| Koha item type | Books |
| Withdrawn status | Lost status | Source of classification | Damaged status | Not for loan | Home library | Current library | Date acquired | Total Checkouts | Call number | Accession number | Date last seen | Copy number | Price effective from | Koha item type |
|---|---|---|---|---|---|---|---|---|---|---|---|---|---|---|
| Dewey Decimal Classification | SEACOM ENGINEERING COLLEGE | SEACOM ENGINEERING COLLEGE | 08/06/2006 | 515.7223 F527 | 02642 | 19/02/2024 | 5 | 19/02/2024 | Books | |||||
| Dewey Decimal Classification | SEACOM ENGINEERING COLLEGE | SEACOM ENGINEERING COLLEGE | 08/06/2006 | 515.7223 F527 | 02643 | 19/02/2024 | 6 | 19/02/2024 | Books | |||||
| Dewey Decimal Classification | SEACOM ENGINEERING COLLEGE | SEACOM ENGINEERING COLLEGE | 08/06/2006 | 515.7223 F527 | 02644 | 19/02/2024 | 7 | 19/02/2024 | Books | |||||
| Dewey Decimal Classification | SEACOM ENGINEERING COLLEGE | SEACOM ENGINEERING COLLEGE | 08/06/2006 | 515.7223 F527 | 02645 | 19/02/2024 | 8 | 19/02/2024 | Books | |||||
| Dewey Decimal Classification | SEACOM ENGINEERING COLLEGE | SEACOM ENGINEERING COLLEGE | 08/06/2006 | 515.7223 F527 | 02646 | 19/02/2024 | 9 | 19/02/2024 | Books |
